¿ Existe hoy una cultura indígena en México ? (Record no. 79553)

MARC details
000 -CABECERA
campo de control de longitud fija 00581nam a2200205 a 4500
005 - FECHA Y HORA DE LA ÚLTIMA TRANSACCIÓN
campo de control 20210223124048.0
008 - ELEMENTOS DE LONGITUD FIJA--INFORMACIÓN GENERAL
campo de control de longitud fija 991125n 000 0 u
035 ## - NÚMERO DE CONTROL DEL SISTEMA
Número de control de sistema UPN01000105605
100 ## - ASIENTO PRINCIPAL--NOMBRE PERSONAL
Nombre de persona CISNEROS PAZ, Erasmo
9 (RLIN) 35020
222 ## - TÍTULO CLAVE
Título clave PEDAGOGIA : REVISTA DE LA UNIVERSIDAD PEDAGOGICA NACIONAL
245 ## - MENCIÓN DE TÍTULO
Título ¿ Existe hoy una cultura indígena en México ?
260 ## - PUBLICACIÓN, DISTRIBUCIÓN, ETC.
Lugar de publicación, distribución, etc. MEXICO
300 ## - DESCRIPCIÓN FÍSICA
Extensión 5-8
362 ## - FECHAS DE PUBLICACIÓN Y/O DESIGNACIÓN SECUENCIAL
Fecha de publicación y/o designación secuencial 1988 Vol. 5, no. 16 oct.-dic.
653 0# - TERMINO DE INDIZACION - NO CONTROLADO
Término no controlado CULTURA INDIGENA
653 0# - TERMINO DE INDIZACION - NO CONTROLADO
Término no controlado GRUPOS INDIGENAS
653 0# - TERMINO DE INDIZACION - NO CONTROLADO
Término no controlado MEXICO
904 ## - ELEMENTOS DE DATOS D LOCAL, LDD (RLIN)
a AC
b 043416
905 ## - TIPO DE MATERIAL
Tipo de material Articulo

No items available.